000 00646nam a2200229Ia 4500
003 OSt
005 20221007070207.0
006 a|||||r|||| 00| 0
007 ta
008 221006b |||||||| |||| 00| 0 eng d
024 _a29,819
037 _cTextual
040 _aFLL
_cFLL
_beng
041 _2eng
_aeng
082 _aX:979D:2, N2
100 _aCoutinho V.B.
_9687236
245 0 _aStrikes in industrial conflict
_b a critical and comparative study
260 _aGadag
_bVidyanidhi Prakashana Gadag
_c1992
300 _aD.P.
_ccm.
942 _hX:979D:2, N2
_cTEXL
_2CC
999 _c1139723
_d1139723